000 00550nam a2200169Ia 4500
003 SGT
020 _a9788120305328
082 _a621.3822
_bOPP
100 _aOppenheim, Alan V
245 _aDigital Signals Processing
260 _bPHI Learning Private Limited
_aNew Delhi
_c1975
300 _a585p.
650 _aELECTRICAL ENGINEERING
653 _aELECTRICAL, ELECTRONICS,Z-TRANSFORM,DIGITAL FILTER DESIGN TECHNIQUES,FLOW GRAPH AND MATRIX REPRESENTATION OF DIGITAL FILTER,DISCRETE RANDOM SIGNALS
700 _aSchafer,Ronald W
942 _2ddc
_cBK
999 _c5096
_d5096